| 000 | 01116cam a22002771 4500 | ||
|---|---|---|---|
| 001 | sa 68000671 | ||
| 003 | DLC | ||
| 005 | 20260227112426.0 | ||
| 008 | 710901m19439999ii abj b 000 0 eng | ||
| 010 | _asa 68000671 | ||
| 040 |
_aDLC _cDLC _dDLC |
||
| 043 | _aa-ii--- | ||
| 050 | 0 | 0 |
_aDS485.G8 _bG55 |
| 245 | 0 | 4 |
_aThe Glory that was Gūrjaradeśa, _cedited by K. M. Munshi. |
| 260 |
_aBombay, _bBharatiya Vidya Bhavan, _c1943- |
||
| 300 |
_av. _billus., geneal. tables, maps (part fold.) _c25 cm. |
||
| 490 | 1 | _av. 3 has series: Bharatiya Vidya memoirs, no. 3. | |
| 500 | _a"The Mularaja Solanki millennial celebration volume." | ||
| 504 | _aBibliographical references included in "List of abbreviations": pt. 1, p. [xiii]-xiv; pt. 3, p. [xi]-xii. | ||
| 505 | 0 | _apt. 1. The pre-historic west coast. --pt. 3. The Imperial Gūrjaras. 1st ed. | |
| 651 | 0 |
_aGujarat (India) _xHistory. |
|
| 651 | 0 |
_aGujarat (India) _xCivilization. |
|
| 700 | 0 |
_aMularaja Solanki, _cKing of Gujarat, _dactive 942-997. |
|
| 700 | 1 |
_aMunshi, Kanaiyalal Maneklal, _d1887-1971. |
|
| 810 | 2 |
_aBharatiya Vidya Bhavan. _tMemoirs, _vno. 3 |
|
| 999 |
_c77378 _d77378 |
||